00740nam a2200181 i 450000100060000000300090000600500170001500700030003200800410003524500760007626000440015230000200019650501070021665000380032385200310036199900170039295201490040959262ES-MaACL20250809030230.0t|031028s1964 sp ||||1| spa d00aEnciclopedia de legislación social b: (veinticinco años de labor). aMadrid : bEdiciones laborales, c1964. a1 v. ; c28 cm.8 aContiene: v. I. Fuero del trabajo- Fuero de los españoles- Principios de Movimiento Nacional.- 71 p.04aDerecho laboral-zEspaña911726 aES-MaACLjP-1084 bR.54852 c59262d59262 001040708Colección_de_referencia aATENEOMbATENEOMcDEPO2d2008-01-17eSCl0oP-1084p1062164r2023-02-23 00:00:00w2023-02-23yMONOGRAFIA